Fifa 20 Top 50 Premier League Players - Statistics

General Stats
  • This quiz has been taken 1,300 times
  • The average score is 42 of 50
Answer Stats
Position Nation Rating Club Player % Correct
RW Egypt 90 Liverpool Mohamed Salah
100%
ST England 89 Spurs Harry Kane
99%
CAM Belgium 91 Manchester City Kevin de Bruyne
99%
LW Senegal 88 Liverpool Sadio Mane
99%
GK Spain 89 Manchester United David de Gea
98%
CAM England 84 Spurs Dele Alli
98%
CDM France 89 Chelsea N'Golo Kante
98%
ST Argentina 89 Manchester City Sergio Aguero
98%
CB Netherlands 90 Liverpool Virgil van Dijk
98%
GK Brazil 89 Liverpool Alisson
97%
CF South Korea 87 Spurs Heung Min Son
97%
GK France 88 Spurs Hugo Lloris
97%
GK Brazil 88 Manchester City Ederson
96%
CM France 88 Manchester United Paul Pogba
95%
RW Portugal 87 Manchester City Bernardo Silva
94%
CAM Spain 88 Manchester City David Silva
94%
RW England 88 Manchester City Raheem Sterling
94%
CAM Denmark 88 Spurs Christian Eriksen
93%
ST Gabon 88 Arsenal Pierre Emerick Aubameyang
93%
LB Scotland 85 Liverpool Andrew Robertson
91%
RW Algeria 84 Manchester City Riyad Mahrez
91%
CF Brazil 86 Liverpool Roberto Firmino
91%
RB England 84 Manchester City Kyle Walker
90%
CDM Brazil 85 Liverpool Fabinho
88%
LW Germany 86 Manchester City Leroy Sane
88%
CDM Spain 85 Manchester City Rodri
88%
CDM Brazil 87 Manchester City Fernandinho
86%
CB Belgium 87 Spurs Jan Vertonghen
85%
GK Spain 84 Chelsea Kepa Arrizabalaga
85%
CAM Germany 84 Arsenal Mesut Ozil
85%
ST France 86 Arsenal Alexandre Lacazette
83%
CM Germany 84 Manchester City Ilkay Gundogan
83%
CB France 87 Manchester City Aymeric Laporte
82%
GK Germany 84 Arsenal Bernd Leno
82%
RB England 83 Liverpool Trent Alexander-Arnold
80%
RB Spain 84 Chelsea Cesar Azpilicueta
77%
RB Portugal 84 Manchester City Joao Cancelo
75%
GK England 83 Everton Jordan Pickford
75%
CM Italy 83 Chelsea Jorginho
75%
CM Netherlands 84 Liverpool Georginio Wijnaldum
74%
CB Belgium 87 Spurs Toby Alderweireld
73%
CB Argentina 83 Manchester City Nicolas Otamendi
72%
LW France 83 Manchester United Anthony Martial
71%
CB Greece 84 Arsenal Sokratis
68%
CM Portugal 84 Wolves Joao Moutinho
63%
GK Portugal 83 Wolves Rui Patricio
63%
CAM Iceland 83 Everton Gylfi Sigurdsson
61%
CB Brazil 83 Arsenal David Luiz
60%
LM Brazil 84 West Ham Felipe Anderson
55%
ST France 83 West Ham Sebastien Haller
49%
No matching quizzes found
Score Distribution
Percent of People with Each Score
Percentile by Number Answered
Your Score History
You have not taken this quiz